| 000 | 00531nam a2200169 i 4500 | ||
|---|---|---|---|
| 001 | 25622 | ||
| 003 | ES-MaACL | ||
| 005 | 20251004063051.0 | ||
| 007 | t| | ||
| 008 | 021227s1944 sp ||||1| spa d | ||
| 100 | 1 |
_aArco y Garay, Ricardo del, _d1888-1955 _922507 |
|
| 245 | 1 | 3 |
_aLa idea de imperio en la política y la literatura españolas / _cpor Ricardo del Arco y Garay. |
| 260 |
_aMadrid : _bEspasa-Calpe, _c1944. |
||
| 300 |
_a819 p. ; _c23 cm. |
||
| 852 |
_aES-MaACL _jB-10613 _bR.21910 |
||
| 999 |
_c25622 _d25622 |
||